00483cam a22001577a 450000500170000001000130001702000270003003500130005703700190007008200140008910000230010324500620012626000480018827000550023630000340029120190620111509.0 aB-728382 a9780198072447 c625.00 aB-728382 adplbRK Books 04a620.001511 aTyagi, Agam Kumar.10aMATLAB and simulink for engineers /cby Agam Kumar Tyagi. aNew Delhi :bOxford University Press,c2018 a2/11, Ansari Road, Darya Ganj, bNew Delhie110002 axv, 452p.billus.c24cm (pbk)